| 000 | 01012cam a2200253 4500 | ||
|---|---|---|---|
| 001 | ##L1014 | ||
| 008 | 090401t1992 xxu||||| |||| 00| 0 eng d | ||
| 020 | _a0226316351 | ||
| 035 | _a(Sirsi) u1014 | ||
| 041 | 0 | _aeng | |
| 050 | 0 | 0 | _a526.095 $2 18 |
| 245 | 0 | 0 | _aCartography in the traditional Islamic and South Asian societies |
| 260 | 3 |
_aChicago _bUniversity of Chicago Press _c1992 |
|
| 300 |
_axxiv, 579p. _bill _c28cm. |
||
| 350 | _a84.96 | ||
| 490 | 0 |
_aHistory of Cartography _v2(1) |
|
| 520 | _aCompiled survey of the development of cartography as a science and an art. With the aid of an international team of specialists, the editors' aim to adopt a broad definition of a map by depicting it as an illustration of spatial relations, actual or symbolic, of a place, an event or concept. | ||
| 650 | 2 | 4 | _aISLAM |
| 690 | _aENVIRONMENTAL AND LAND CONSULTANCY-GEOMATICS-MAPPING AND POSITIONING-CARTOGRAPHY | ||
| 700 | 1 | _aWoodward D. | |
| 700 | 1 | _aHarley, J.B. | |
| 942 | _n0 | ||
| 948 | _c04/03/1997 | ||
| 999 |
_c85612 _d85612 |
||